Регионална библиотека "Любен Каравелов" - Русе

Ранний итальянский гуманизм и его историография (Запис номер 390465)

MARC детайли
000 -Лидер
Контролно поле с фиксирана дължина nam a22 a 4500
003 - Код на организацията, давaща контролен номер
Контролно поле BLK
005 - Дата и час на последна редакция
Контролно поле 20201022111924.0
008 - Елементи от данни с фиксирана дължина
fixed length control field 201022b bu |||||r|||| 00| | bu d
040 ## - Източник на каталожния запис
Идентификатор на билиотеката - собственик на записа BLK
041 ## - Код за език
Код за езика на текст/звукозапис или на отделно заглавие Руски
Код за езика КДБФ Руски
080 ## - УДК
Текстов определител УДК История на Италия
УДК код - определител по УДК 945
УДК - код + определител 945
100 ## - Редна дума - Автор
R(LIN) 1299
Автор Корелин, Михаил Сергеевич
Авторска отговорност първи автор
139 ## - Редно поле
Редна дума Корелин, Михаил Сергеевич
245 ## - Сведения за заглавието
Заглавие Ранний итальянский гуманизм и его историография
Подзаглавни данни : Крит. исслед. Михаила Корелина. Вып. 1-2.
Редно поле (дума) Михаил Сергеевич Корелин
Том Вып. 1.
257 ## - Страна на издаване
Страна на създаване/издаване Русия
260 ## - Област на издателските данни
9 (RLIN) 435498
Място на издаване, разпространение и проч. Москва
Име на издателя, разпространителя и проч. тип. Э. Лисснера и Ю. Романа
Година на издаване 1892
300 ## - Физическа характеристика
Размери/Мащаб 26 с.
380 ## - Жанр
Жанр История
490 ## - СЕРИИ (Колекции)
9 (RLIN) 435080
Име на серия Колекция Редки и ценни издания
650 #0 - Допълнително описание по предмет – тема
9 (RLIN) 255906
Основно описание – тема или топоним Италия - история
760 ## - Описание на основната серия
Издание 1892
Страници - том VIII, 576 с.
Част - том Вып. 1.
852 ## - Местоположение
Форматна сигнатура Рр 892
Фондова буква Редки и ценни
999 ## - СИСТЕМНИ КОНТРОЛНИ НОМЕРА
Koha biblionumber 390465
Koha biblioitemnumber 390465
942 ## - АРТИКУЛИ
Вид на библиотечния материал Книги
Скрит в OPAC Не
Периодичен библиозапис Да
944 ## - СЪЗДАВАНЕ И РЕДАКЦИЯ на ЗАПИСА
Дата на регистрацията/редакция 2020-10-22
Служител, извършил регистрацията/редакцията ВК
Наличности
Код за отписване Код за изгубен артикул Източник на класификационната схема Код за повреда Коз за рестрикции Код за отдаване Артикулен № Име на библиотеката - собственик Име на библиотеката, в която се намира в момента Статус (Текущо местоположение) Дата на вписване в системата Местоположение - отдел Цена в лева Инвентарен номер Систематично азбучна сигнатура Баркод Цена в евро Служебен тип на артикула
  Не е изгубен Universal Decimal Classification Не е повреден само за читалня Специални фондове ( старопечатни, редки и ценни, фонд М. Арнаудов) 803909 Регионална библиотека "Любен Каравелов" Русе Регионална библиотека "Любен Каравелов" Русе Редки и ценни 2020-10-26 Редки и ценни 1.15 12703/58 Рр 892 900000036638 0.59 Книги
Vip Innovations Ltd, Rousse, Bulgaria 2025